000 00528nam a22001937a 4500
003 KOHA_MİRAKIL
005 20251001161930.0
008 251001b tu ||||| |||| 00| 0 tur d
020 _a9786052602997
040 _aTR-AnABB
_btur
_cTR-AnABB
041 _atur
082 _a813.42
_bGUN 2021
100 1 _aGünay, Engin,
245 1 0 _aGöçer dünya /
_cEngin Günay
260 _aİstanbul :
_bNota Bene Yayınları,
_c2021
300 _a214 sayfa ;
_c18 cm
650 0 4 _aTürk edebiyatı, roman
942 _2ddc
_cBK
999 _c9022
_d9022
900 _bGizem YORULMAZ